00892cam a22002414a 450000100090000000300060000900500170001500800410003201000170007302000360009004000180012604200080014405000250015208200200017724501030019726000550030030000430035550400530039863000440045170000200049570000570051585600780057214106761GBCCL20241126110621.0050913s2005 iluab bd 001 0 eng  a 2005026648 a0830817824 (cloth : alk. paper) aDLCcDLCdDLC apcc00aBS1205.55b.D53 200500a222.03222bDIC00aDictionary of the Old Testament :bhistorical books /ceditors, Bill T. Arnold, H.G.M. Williamson. aDowners Grove, Ill. :bInterVarsity Press,cc2005. axxiii, 1060 p. :bill., maps ;c26 cm. aIncludes bibliographical references and indexes.00aBible.pHistorical booksvDictionaries.1 aArnold, Bill T.1 aWilliamson, H. G. M.q(Hugh Godfrey Maturin),d1947-413Table of contentsuhttp://www.loc.gov/catdir/toc/ecip0519/2005026648.html